| 000 | 01443cam a2200325 i 4500 | ||
|---|---|---|---|
| 003 | SA-RiAUC | ||
| 005 | 20250922071028.0 | ||
| 008 | 250919s1975 ua bo g b f000 0 ara c | ||
| 040 |
_aSA-MuMU _bara _cSA-RiAUC _erda |
||
| 043 | _af-nr--- | ||
| 082 | 0 | 4 |
_a966.9 _qSA-RiAUC |
| 090 |
_a966.9 _bط ر خ |
||
| 100 | 1 |
_aطرخان، إبراهيم علي _eمؤلف. |
|
| 245 | 1 | 0 |
_aإمبراطورية البرنو الإسلامية / _cتأليف إبراهيم علي طرخان. |
| 264 | 1 |
_aالقاهرة : _bالهيئة المصرية العامة للكتاب، _c1975. |
|
| 300 |
_a243 صفحة : _bخرائط، صور ؛ _c24 سم. |
||
| 336 |
_aنص _btxt _2rdacontent _3كتاب |
||
| 337 |
_aبدون وسيط _bn _2rdamedia |
||
| 338 |
_aمجلد _bnc _2rdacarrier |
||
| 490 | 1 |
_aالمكتبة العربية ؛ _v166 |
|
| 500 | _aفي رأس صفحة العنوان : الدول الإسلامية القومية في السودان الأوسط. | ||
| 504 | _aببليوجرافية : صفحة 217-233. | ||
| 525 | _aملاحق : صفحة 179-216. | ||
| 651 | 7 |
_aإمبراطورية كانم-برنو _2aucsh |
|
| 651 | 7 |
_aولاية بورنو (نيجيريا) _xتاريخ _2aucsh |
|
| 651 | 7 |
_aغرب إفريقيا _xتاريخ _2aucsh |
|
| 830 | 2 |
_aالمكتبة العربية (الهيئة المصرية العامة للكتاب) _v166 |
|
| 942 |
_2ddc _cBOOK _n0 |
||
| 949 |
_aSA-JeALM _d250919 _umohamedma123 _n1 |
||
| 999 |
_c11984 _d11984 |
||